Съкратени протоколи на Четвъртия конгрес на Търговско-индустриалните камари в Царство България (Запис номер 130486)
[ съкратено ]
| 000 -Лидер | |
|---|---|
| Контролно поле с фиксирана дължина | 01599nam a2200349 c 4500 |
| 003 - Код на организацията, давaща контролен номер | |
| Контролно поле | BLK |
| 005 - Дата и час на последна редакция | |
| Контролно поле | 20220208141346.0 |
| 008 - Елементи от данни с фиксирана дължина | |
| fixed length control field | 180409b bul|||||r ||||||| ||bul|| |
| 010 ## - Наследен системен номер | |
| LC control number | KNG00136251000 |
| 040 ## - Източник на каталожния запис | |
| Идентификатор на билиотеката - собственик на записа | BLK |
| 041 ## - Код за език | |
| Код за езика на текст/звукозапис или на отделно заглавие | Български |
| Код за езика КДБФ | Български |
| 080 ## - УДК | |
| Текстов определител УДК | Занаятчийски и индустриални камари. Търговски палати |
| УДК код - определител по УДК | 334.788.2 |
| УДК определител | (497.2)(063) |
| УДК - код + определител | 334.788.2(497.2)(063) |
| 110 1# - Редна дума - колетивен орган | |
| Редна дума - наименование на организация или юридическо лице | България. Търговско-индустриални камари |
| 9 (RLIN) | 321755 |
| 139 ## - Редно поле | |
| Редна дума | България. Търговско-индустриални камари |
| Авторски знак | Бъл - Б 92 |
| 245 10 - Сведения за заглавието | |
| Заглавие | Съкратени протоколи на Четвъртия конгрес на Търговско-индустриалните камари в Царство България |
| Подзаглавни данни | 5 - 11 окт. 1921 г. - Русе |
| 257 ## - Страна на издаване | |
| Страна на създаване/издаване | България |
| 260 ## - Област на издателските данни | |
| Име на издателя, разпространителя и проч. | Търг.-индустр. камари в България |
| Година на издаване | 1922 |
| Печатница | Русе : печ. Елисей Петков |
| 300 ## - Физическа характеристика | |
| Страници | 88, 190 с. |
| Илюстрации и др. | 1 л. портр. |
| Размери/Мащаб | 23 см |
| 380 ## - Жанр | |
| Жанр | Обществени науки |
| 500 ## - Общи забележки | |
| Забележка | Раздел ІІ съдържа и Реферати. |
| 650 #4 - Допълнително описание по предмет – тема | |
| Основно описание – тема или топоним | Камари, търговско-индустриални |
| 9 (RLIN) | 280620 |
| 651 #4 - Допълнително описание по предмет - топоним | |
| Географско понятие | България |
| 9 (RLIN) | 241624 |
| 651 #4 - Допълнително описание по предмет - топоним | |
| Географско понятие | Русе |
| 9 (RLIN) | 179462 |
| 653 ## - Ключова дума – ненормативна | |
| Ключова дума | търговско-индустриални камари |
| 653 ## - Ключова дума – ненормативна | |
| Ключова дума | конгреси |
| 653 ## - Ключова дума – ненормативна | |
| Ключова дума | протоколи |
| 852 ## - Местоположение | |
| Форматна сигнатура | Цб 3.185.29025 |
| 852 ## - Местоположение | |
| Форматна сигнатура | К 334/Б 92 |
| 856 4# - Електронен адрес и достъп | |
| Електронен формат | pdf - файл |
| 856 4# - Електронен адрес и достъп | |
| Електронен формат | pdf - файл |
| 999 ## - СИСТЕМНИ КОНТРОЛНИ НОМЕРА | |
| Koha biblionumber | 130486 |
| Koha biblioitemnumber | 130486 |
| 942 ## - АРТИКУЛИ | |
| Вид на библиотечния материал | Книги |
| Скрит в OPAC | Не |
| Периодичен библиозапис | Да |
| 944 ## - СЪЗДАВАНЕ И РЕДАКЦИЯ на ЗАПИСА | |
| Създаване/Редакция | Създаване |
| Дата на регистрацията/редакция | 15.11.2012 |
| Статус, дата на статуса | ф / 15.11.2012 |
| Служител, извършил регистрацията/редакцията | Наталия_Медовщикова |
| 944 ## - СЪЗДАВАНЕ И РЕДАКЦИЯ на ЗАПИСА | |
| Създаване/Редакция | Редакция |
| Дата на регистрацията/редакция | 26.11.2012 |
| Статус, дата на статуса | ф / 15.11.2012 |
| 999 ## - СИСТЕМНИ КОНТРОЛНИ НОМЕРА | |
| Koha biblioitemnumber | 130486 |
| 999 ## - СИСТЕМНИ КОНТРОЛНИ НОМЕРА | |
| Koha biblioitemnumber | 130486 |
| 999 ## - СИСТЕМНИ КОНТРОЛНИ НОМЕРА | |
| Koha biblioitemnumber | 130486 |
| 999 ## - СИСТЕМНИ КОНТРОЛНИ НОМЕРА | |
| Koha biblioitemnumber | 130486 |
| 999 ## - СИСТЕМНИ КОНТРОЛНИ НОМЕРА | |
| Koha biblioitemnumber | 130486 |
| 999 ## - СИСТЕМНИ КОНТРОЛНИ НОМЕРА | |
| Koha biblioitemnumber | 130486 |
| Код за отписване | Код за изгубен артикул | Източник на класификационната схема | Код за повреда | Коз за рестрикции | Код за отдаване | Артикулен № | Име на библиотеката - собственик | Име на библиотеката, в която се намира в момента | Статус (Текущо местоположение) | Дата на вписване в системата | Местоположение - отдел | Цена в лева | Инвентарен номер | Систематично азбучна сигнатура | Баркод | Номер на екземпляра | Цена в евро | Служебна бележка | Служебен тип на артикула |
|---|---|---|---|---|---|---|---|---|---|---|---|---|---|---|---|---|---|---|---|
| Не е изгубен | Universal Decimal Classification | Не е повреден | без рестрикции | ползва се в читалня | 212167 | Регионална библиотека "Любен Каравелов" Русе | Регионална библиотека "Любен Каравелов" Русе | Хранилище | 1922-01-01 | Основен фонд - ползва се само за читалня | 0.16 | 26926-а | Цб 3.185.29025 | 900000042187 | 1 | 0.08 | N: стар фонд Дата: 01.01.1922 | Книги | |
| Не е изгубен | Universal Decimal Classification | Не е повреден | без рестрикции | ползва се в читалня | 212168 | Регионална библиотека "Любен Каравелов" Русе | Регионална библиотека "Любен Каравелов" Русе | Краезнание | 1922-01-01 | Краезнание | 0.50 | 16896/66 | К 334/Б 92 | 900000003148 | 2 | 0.26 | N: стар фонд Дата: 01.01.1922 Дата инв: 09.11.2017 Бележки инв: К2017 | Книги | |
| Не е изгубен | Universal Decimal Classification | Не е повреден | без рестрикции | ползва се в читалня | 212169 | Регионална библиотека "Любен Каравелов" Русе | Регионална библиотека "Любен Каравелов" Русе | Краезнание | 1922-01-01 | Краезнание | 0.50 | 16929/66 | К 334/Б 92 | 900000003147 | 3 | 0.26 | N: стар фонд Дата: 01.01.1922 Дата инв: 09.11.2017 Бележки инв: К2017 | Книги | |
| Не е изгубен | Universal Decimal Classification | Не е повреден | без рестрикции | ползва се в читалня | 212170 | Регионална библиотека "Любен Каравелов" Русе | Регионална библиотека "Любен Каравелов" Русе | Краезнание | 1922-01-01 | Краезнание | 0.32 | 25772 | К 334/Б 92 | 900000096630 | 4 | 0.16 | N: стар фонд Дата: 01.01.1922 Дата инв: 09.11.2017 Бележки инв: К2017 | Книги | |
| Не е изгубен | Universal Decimal Classification | Не е повреден | без рестрикции | ползва се в читалня | 212171 | Регионална библиотека "Любен Каравелов" Русе | Регионална библиотека "Любен Каравелов" Русе | Краезнание | 1922-01-01 | Краезнание | 0.80 | 138089 | К 334/Б 92 | 120000138089 | 5 | 0.41 | N: стар фонд Дата: 01.01.1922 Дата инв: 09.11.2017 Бележки инв: К2017 | Книги |